[Event "Moscow Open 2009 B"]
[Site "www.moscowchessopen.ru"]
[Date "2009.02.07"]
[Round "8.56"]
[White "Konovalov, Viatcheslav"]
[Black "Orlov, Evgeny"]
[Result "0-1"]
[WhiteElo "2086"]
[BlackElo "2233"]
[Annotator ""]
[Source ""]
[Remark ""]

1.d4 f5 2.Nf3 Nf6 3.Bg5 g6 4.Nbd2 Bg7 5.h4 d5 6.e3 Ne4 7.Bf4
Nd7 8.Nxe4 dxe4 9.Ng5 Nb6 10.c3 h6 11.Nh3 Be6 12.Be2 Bf6 13.Bh2
Bxh4 14.Be5 Bf6 15.Bxf6 exf6 16.g4 fxg4 17.Nf4 Bf7 18.Bxg4 f5
19.Be2 Nd5 20.Nxd5 Qxd5 21.Qa4+ Qd7 22.Bb5 c6 23.Be2 Qd6 24.O-O-O
Ke7 25.c4 g5 26.Kb1 g4 27.Qa5 Kf6 28.Qc3 Kg6 29.Rdg1 h5 30.f3
exf3 31.Bxf3 Rae8 32.e4 fxe4 33.Bd1 e3 34.Rf1 Kg5 35.Re1 Bg6+
36.Ka1 Qf4 37.Rhf1 Qe4 38.Be2 Rhf8 39.Qa5+ Kh6 40.Qxa7 Rf2 41.Qc5
Qc2 42.Qd6 Qxe2 0-1

[Event "Moscow Open 2009 B"]
[Site "www.moscowchessopen.ru"]
[Date "2009.02.07"]
[Round "8.57"]
[White "Dolbnia, Dmitry"]
[Black "Bolshakov, Dmitry"]
[Result "1-0"]
[WhiteElo "2027"]
[BlackElo "2217"]
[Annotator ""]
[Source ""]
[Remark ""]

1.e4 c5 2.Nf3 d6 3.d4 cxd4 4.Nxd4 Nf6 5.Nc3 a6 6.Be3 e6 7.g4
Qc7 8.g5 Nfd7 9.Qg4 Ne5 10.Qg2 Nc4 11.Bxc4 Qxc4 12.O-O-O b5 13.e5
d5 14.Kb1 Bd7 15.f4 Bb4 16.Rd3 g6 17.f5 Qc8 18.fxe6 fxe6 19.Nxd5
exd5 20.Qxd5 1-0

[Event "Moscow Open 2009 B"]
[Site "www.moscowchessopen.ru"]
[Date "2009.02.07"]
[Round "8.58"]
[White "Zhdanov, Vladimir"]
[Black "Karlson, Vladilen"]
[Result "0-1"]
[WhiteElo "2025"]
[BlackElo "2190"]
[Annotator ""]
[Source ""]
[Remark ""]

1.Nf3 d5 2.g3 c5 3.c4 d4 4.b4 cxb4 5.a3 bxa3 6.Bg2 g6 7.O-O Bg7
8.d3 e5 9.Nxa3 Ne7 10.Nb5 Nbc6 11.Ba3 O-O 12.Nd6 Qc7 13.Nxc8
Raxc8 14.Ng5 b6 15.Qa4 Rfd8 16.Rac1 Bh6 17.h4 Na5 18.Ra1 Qd7
19.Qb4 Bf8 20.Qb2 Kg7 21.Bb4 h6 22.Nf3 Nac6 23.Bd2 Nf5 24.Qb5
Bc5 25.Nh2 a5 26.Qb1 h5 27.Bh3 Nce7 28.Qc1 f6 29.Qd1 Rc7 30.Qe1
Qe6 31.f3 Qd6 32.g4 Ne3 33.Bxe3 dxe3 34.Qg3 Kh7 35.Kh1 Rg8 36.Rad1
f5 37.f4 exf4 38.Rxf4 hxg4 39.d4 gxh3 40.Qxe3 Nc6 41.Nf3 Re7
42.Ng5+ Kg7 43.Qf2 Rge8 44.e4 Nxd4 45.h5 Kg8 46.h6 Ne6 47.h7+
Kh8 48.Qb2+ Bd4 49.Nxe6 Bxb2 50.Rxd6 Rxe6 0-1

[Event "Moscow Open 2009 B"]
[Site "www.moscowchessopen.ru"]
[Date "2009.02.07"]
[Round "8.59"]
[White "Atababayev, Khalid"]
[Black "Kulagin, Maxim"]
[Result "1-0"]
[WhiteElo "1961"]
[BlackElo "2186"]
[Annotator ""]
[Source ""]
[Remark ""]

1.d4 e6 2.Nf3 Nf6 3.c4 Bb4+ 4.Bd2 Bxd2+ 5.Qxd2 O-O 6.Nc3 d6 7.e3
Nc6 8.Bd3 e5 9.d5 Nb8 10.Qc2 a5 11.O-O Qe7 12.Nd2 Na6 13.a3 Bd7
14.Rab1 Nc5 15.b4 axb4 16.axb4 Nxd3 17.Qxd3 Ra3 18.Ra1 Rfa8 19.Nb3
Qe8 20.Qc2 Rxa1 21.Rxa1 Ba4 22.Qa2 Bxb3 23.Qxa8 h6 24.Qxb7 Qe7
25.Ra7 Ne8 26.Qc6 Kh7 27.Nb5 e4 28.Nxc7 Nf6 29.Nb5 Qe5 30.Qxd6
Qb2 31.h3 Bxc4 32.Nd4 Bxd5 33.b5 Qc3 34.Qf4 Be6 35.Nxe6 fxe6
36.b6 1-0

[Event "Moscow Open 2009 B"]
[Site "www.moscowchessopen.ru"]
[Date "2009.02.07"]
[Round "8.60"]
[White "Trofimovsky, Alexander"]
[Black "Denishev, Marat"]
[Result "1/2-1/2"]
[WhiteElo "2186"]
[BlackElo "2028"]
[Annotator ""]
[Source ""]
[Remark ""]

1.c4 c5 2.Nf3 Nf6 3.Nc3 e6 4.g3 b6 5.Bg2 Bb7 6.O-O Be7 7.b3 d6
8.Bb2 a6 9.e3 O-O 10.d4 cxd4 11.Nxd4 Bxg2 12.Kxg2 Qc7 13.f4 Qb7+
14.Qf3 Qxf3+ 15.Kxf3 Rc8 16.g4 Nc6 17.Nxc6 Rxc6 18.Rf2 Rac8 19.g5
Nd7 20.Ne2 Nc5 21.Nd4 R6c7 22.Rd2 g6 23.Ne2 Rd7 24.Nc3 Bf8 25.Ne4
Nxe4 26.Kxe4 b5 27.cxb5 axb5 28.a4 bxa4 29.bxa4 Ra8 30.Bc3 Rc7
31.Kd3 Rac8 32.Bd4 Bg7 33.Bxg7 Kxg7 34.a5 Ra8 35.a6 Rc6 36.a7
Rc7 37.Rda2 Kf8 1/2-1/2

[Event "Moscow Open 2009 B"]
[Site "www.moscowchessopen.ru"]
[Date "2009.02.07"]
[Round "8.61"]
[White "Harutyunian, Tigran K"]
[Black "Mamaev, Evgeniy"]
[Result "1/2-1/2"]
[WhiteElo "1980"]
[BlackElo "2179"]
[Annotator ""]
[Source ""]
[Remark ""]

1.d4 Nf6 2.c4 d6 3.Nf3 Nbd7 4.Bf4 Nh5 5.Bg5 h6 6.Bh4 g5 7.Bg3
Nxg3 8.hxg3 Bg7 9.e3 e5 10.Nc3 exd4 11.Nxd4 Ne5 12.Be2 Nc6 13.g4
Nxd4 14.exd4 O-O 15.O-O Qf6 16.Nd5 Qd8 17.Ne3 c6 18.Rb1 Re8 19.b4
d5 20.cxd5 cxd5 21.Bf3 Be6 22.Qd3 Rc8 23.Rfc1 Qd7 24.Qb3 Red8
25.a3 1/2-1/2

[Event "Moscow Open 2009 B"]
[Site "www.moscowchessopen.ru"]
[Date "2009.02.07"]
[Round "8.62"]
[White "Rozhkovan, Vadim"]
[Black "Kapov, Albert"]
[Result "0-1"]
[WhiteElo "1400"]
[BlackElo "2176"]
[Annotator ""]
[Source ""]
[Remark ""]

1.c4 e5 2.Nc3 g6 3.g3 Bg7 4.Bg2 Ne7 5.e3 O-O 6.Nge2 c6 7.d4 exd4
8.Nxd4 d6 9.O-O Nd7 10.b3 Qc7 11.Ba3 Nc5 12.Rc1 Nf5 13.Nxf5 Bxf5
14.e4 Be6 15.Bxc5 dxc5 16.f4 Rad8 17.Qc2 Bg4 18.Bf3 Bh3 19.Bg2
Bc8 20.Rcd1 Qa5 21.Ne2 Rfe8 22.Rxd8 Rxd8 23.Rd1 Rxd1+ 24.Qxd1
Qxa2 25.Qd8+ Bf8 26.Qxc8 Qxe2 27.Qxb7 Qe1+ 28.Bf1 Qe3+ 29.Kg2
Qxe4+ 30.Kf2 h5 31.Qb8 Qd4+ 32.Kg2 Qd2+ 33.Kg1 a5 34.Qe8 Qd4+
35.Kh1 Qd1 36.Kg2 Qxb3 37.Qxc6 a4 38.Qb5 Qc2+ 39.Kh3 a3 40.Qd7
f5 0-1

[Event "Moscow Open 2009 B"]
[Site "www.moscowchessopen.ru"]
[Date "2009.02.07"]
[Round "8.63"]
[White "Shapfiullin, Ildar"]
[Black "Gabdrakipov, Ilshat"]
[Result "0-1"]
[WhiteElo "2175"]
[BlackElo "1400"]
[Annotator ""]
[Source ""]
[Remark ""]

1.Nf3 Nf6 2.d4 d5 3.Bf4 c5 4.e3 Nc6 5.c3 g6 6.Nbd2 Bg7 7.Bd3
O-O 8.h3 Nd7 9.O-O e5 10.dxe5 Ndxe5 11.Bc2 b6 12.Nxe5 Nxe5 13.Nf3
Nxf3+ 14.Qxf3 Be6 15.Rfd1 Qe7 16.Qg3 Rfd8 17.h4 h6 18.e4 dxe4
19.Bxe4 Rxd1+ 20.Rxd1 Rd8 21.Re1 Bxa2 22.h5 Kh8 23.f3 g5 24.Bc7
Re8 25.Ra1 Qe6 26.Bc6 Qxc6 27.Rxa2 a5 28.Ra1 Re7 29.Bb8 Qd5 30.f4
gxf4 31.Bxf4 Qxh5 32.Re1 Re2 33.Rxe2 Qxe2 34.Qh4 Qe6 35.Qd8+
Kh7 36.Qd3+ Qg6 37.Qxg6+ Kxg6 38.Bc7 a4 39.Bxb6 Bxc3 0-1

[Event "Moscow Open 2009 B"]
[Site "www.moscowchessopen.ru"]
[Date "2009.02.07"]
[Round "8.65"]
[White "Tappyrov, Maksim"]
[Black "Kovtunenko, Alexandr"]
[Result "1-0"]
[WhiteElo "2101"]
[BlackElo "2294"]
[Annotator ""]
[Source ""]
[Remark ""]

1.e4 c5 2.Nc3 e6 3.f4 a6 4.a4 Qc7 5.d3 b6 6.Nf3 Bb7 7.Be2 d6
8.O-O Nc6 9.Qe1 Nd4 10.Bd1 Nf6 11.Qf2 Nxf3+ 12.Bxf3 Be7 13.Qg3
h5 14.f5 h4 15.Qf2 O-O-O 16.a5 b5 17.Bf4 g6 18.Bg5 gxf5 19.exf5
d5 20.fxe6 fxe6 21.Rae1 Rdg8 22.Qe3 Ng4 23.Bxg4 Rxg5 24.Qxe6+
Kb8 25.Rf7 Bc8 26.Qxe7 Qxe7 27.Rexe7 Rxg4 28.Nxd5 Rhg8 29.Ne3
Ra4 30.Re5 h3 31.Kf2 Rxa5 32.gxh3 Ra2 33.h4 Rxb2 34.h5 c4 35.dxc4
bxc4 36.h6 Rb6 37.h7 Rh8 38.Ree7 Rh6 39.Kf3 Rxh2 40.Ke4 Rh4+
41.Kd5 Rd8+ 42.Kc5 Rh6 43.Nxc4 a5 44.Nxa5 Rh5+ 45.Kb6 Bd7 46.Rxd7
Rxd7 47.Nc6+ Ka8 48.Rf8+ 1-0

[Event "Moscow Open 2009 B"]
[Site "www.moscowchessopen.ru"]
[Date "2009.02.07"]
[Round "8.66"]
[White "Velikanov, Igor"]
[Black "Ustinov, Alexey"]
[Result "1/2-1/2"]
[WhiteElo "2292"]
[BlackElo "2099"]
[Annotator ""]
[Source ""]
[Remark ""]

1.Nf3 Nf6 2.c4 c6 3.d4 d5 4.Nc3 e6 5.e3 Nbd7 6.Bd3 Bd6 7.e4 dxe4
8.Nxe4 Nxe4 9.Bxe4 Nf6 10.Bc2 Bb4+ 11.Bd2 Bxd2+ 12.Qxd2 O-O 13.O-O-O
b6 14.Ng5 Bb7 15.Kb1 Qe7 16.Qd3 h6 17.Nh7 Rfd8 18.Nxf6+ Qxf6
19.h4 g6 20.h5 g5 21.Qe4 Rd7 22.Rh3 Rad8 23.Rf3 Qg7 24.Rfd3 Qf6
25.Rf3 1/2-1/2

[Event "Moscow Open 2009 B"]
[Site "www.moscowchessopen.ru"]
[Date "2009.02.07"]
[Round "8.67"]
[White "Birjukov, Sergey"]
[Black "Petukhov, Yury"]
[Result "1/2-1/2"]
[WhiteElo "2287"]
[BlackElo "2098"]
[Annotator ""]
[Source ""]
[Remark ""]

1.d4 Nf6 2.c4 c5 3.d5 e6 4.Nc3 exd5 5.cxd5 d6 6.Nf3 g6 7.e4 Bg7
8.Bf4 O-O 9.Nd2 Re8 10.Be2 a6 11.a4 Qc7 12.O-O Nbd7 13.h3 Ne5
14.Bh2 g5 15.f4 gxf4 16.Bxf4 Nfd7 17.Kh1 Nf8 18.a5 Nfg6 19.Bg5
Bd7 20.Qc2 Rac8 21.Nd1 c4 22.Ra3 Nd3 23.Nxc4 Qxc4 24.Qxc4 Rxc4
25.Bxd3 Rd4 26.Nf2 Ne5 27.Bb1 Nc4 28.Rg3 Kf8 29.b4 Nd2 30.Rc1
Rc8 31.Rxc8+ Bxc8 32.Rc3 Rc4 33.Rxc4 Nxc4 34.e5 Bxe5 35.Bxh7
Bc3 36.Nd3 Kg7 37.Be4 f5 38.Bf3 1/2-1/2

[Event "Moscow Open 2009 B"]
[Site "www.moscowchessopen.ru"]
[Date "2009.02.07"]
[Round "8.68"]
[White "Okun, Leonid"]
[Black "Gevondian, Arman"]
[Result "1-0"]
[WhiteElo "2277"]
[BlackElo "2081"]
[Annotator ""]
[Source ""]
[Remark ""]

1.c4 g6 2.g3 Bg7 3.Bg2 c6 4.Nf3 Nf6 5.O-O O-O 6.d3 d5 7.Nbd2
Qc7 8.Qc2 Bg4 9.h3 Bxf3 10.Nxf3 Nbd7 11.Rb1 Ne5 12.cxd5 Nxd5
13.Nxe5 Qxe5 14.e4 Nb4 15.Qb3 Qb5 16.Rd1 Rfd8 17.Bf1 Bd4 18.Bd2
Na6 19.Qxb5 cxb5 20.Rdc1 Rac8 21.b4 Rc6 22.Rxc6 bxc6 23.Be2 Rc8
24.Kf1 e5 25.Bd1 Nb8 26.Ke2 a6 27.a4 Kg7 28.f4 f6 29.Bb3 Rc7
30.h4 Ra7 31.h5 Rb7 32.h6+ Kf8 33.fxe5 Bxe5 34.g4 g5 35.Be3 bxa4
36.Bc5+ Ke8 37.Bxa4 Kd7 38.Rf1 a5 39.d4 Bf4 40.Rb1 axb4 41.Rxb4
Rxb4 42.Bxb4 Bd6 43.Be1 Bf8 44.d5 Bxh6 45.Bg3 Kc8 46.dxc6 Bf8
47.Bb5 Bc5 48.Kd3 Bb6 49.Kc4 Bc7 50.Bxc7 Kxc7 51.Kd5 Kb6 52.Kd6
Nxc6 53.Bxc6 h5 54.gxh5 g4 55.h6 g3 56.e5 1-0

[Event "Moscow Open 2009 B"]
[Site "www.moscowchessopen.ru"]
[Date "2009.02.07"]
[Round "8.69"]
[White "Volkov, Anton"]
[Black "Ibragimov, Ali"]
[Result "1-0"]
[WhiteElo "2268"]
[BlackElo "2089"]
[Annotator ""]
[Source ""]
[Remark ""]

1.d4 Nf6 2.Nf3 g6 3.c4 Bg7 4.g3 O-O 5.Bg2 d6 6.O-O Nc6 7.d5 Ne5
8.Nxe5 dxe5 9.Nc3 Bg4 10.h3 Bd7 11.Be3 Qc8 12.Kh2 h5 13.c5 c6
14.d6 Re8 15.Qd2 h4 16.g4 e4 17.Bg5 Nxg4+ 18.hxg4 Be5+ 19.Bf4
Bxf4+ 20.Qxf4 h3 21.Bxh3 Kg7 22.Nxe4 Rh8 23.Kg3 f5 24.gxf5 Rxh3+
25.Kxh3 Bxf5+ 26.Kg3 Qe6 27.Ng5 Qd5 28.e4 Bxe4 29.Nxe4 Rf8 30.Qe3
e5 31.Rh1 Rf4 32.f3 1-0

[Event "Moscow Open 2009 B"]
[Site "www.moscowchessopen.ru"]
[Date "2009.02.07"]
[Round "8.70"]
[White "Voronkov, Leonid"]
[Black "Pechnikov, Artiom"]
[Result "0-1"]
[WhiteElo "2109"]
[BlackElo "2267"]
[Annotator ""]
[Source ""]
[Remark ""]

1.e4 c5 2.Nf3 Nc6 3.d4 cxd4 4.Nxd4 Nf6 5.Nc3 e5 6.Ndb5 d6 7.a4
a6 8.Na3 Be6 9.Bc4 Rc8 10.O-O Be7 11.f4 exf4 12.Bxe6 fxe6 13.Bxf4
Qb6+ 14.Kh1 Qxb2 15.Rf3 Ne5 16.Ra2 Qb4 17.Bxe5 dxe5 18.Nab1 O-O
19.h3 Nxe4 20.Nxe4 Qxe4 21.Nd2 Qd5 22.Rb2 e4 23.Rxf8+ Rxf8 24.Qe2
Bd6 25.Rb3 Qxd2 0-1

[Event "Moscow Open 2009 B"]
[Site "www.moscowchessopen.ru"]
[Date "2009.02.07"]
[Round "8.71"]
[White "Shcherbin, Matvei"]
[Black "Zaryvkina, Anastasia"]
[Result "1-0"]
[WhiteElo "2262"]
[BlackElo "2081"]
[Annotator ""]
[Source ""]
[Remark ""]

1.e4 c5 2.Nf3 Nc6 3.c3 d5 4.exd5 Qxd5 5.d4 Bg4 6.dxc5 Qxd1+ 7.Kxd1
e5 8.b4 e4 9.h3 Bh5 10.g4 Bxg4 11.hxg4 exf3 12.Nd2 O-O-O 13.Kc2
Ne5 14.Bh3 Ne7 15.Rg1 Nd3 16.g5+ Kb8 17.Ne4 Nxc1 18.Raxc1 Ng6
19.Rg3 Ne5 20.Bg4 Be7 21.Bxf3 Rd3 22.Be2 Rxg3 23.fxg3 f6 24.gxf6
gxf6 25.Rf1 Rg8 26.a4 Kc7 27.Kd2 1-0

[Event "Moscow Open 2009 B"]
[Site "www.moscowchessopen.ru"]
[Date "2009.02.07"]
[Round "8.72"]
[White "Andreev, Gennadiy"]
[Black "Oleinikov, Dmitrij"]
[Result "0-1"]
[WhiteElo "2095"]
[BlackElo "2256"]
[Annotator ""]
[Source ""]
[Remark ""]

1.e4 c5 2.Nf3 Nc6 3.d4 cxd4 4.Nxd4 g6 5.Be3 Nf6 6.Nc3 Bg7 7.Be2
O-O 8.O-O d5 9.exd5 Nxd5 10.Nxd5 Qxd5 11.Bf3 Qc4 12.Nxc6 bxc6
13.c3 Be6 14.Be2 Qe4 15.Bd3 Qd5 16.Qc2 Rfd8 17.Rfd1 Qa5 18.b4
Qa3 19.Bd2 a5 20.Rdb1 axb4 21.Rxb4 Rd7 22.Rab1 Rad8 23.Rb8 Bxa2
24.Rxd8+ Rxd8 25.Ra1 Bb3 26.Qb1 Qd6 27.Qxb3 Qxd3 28.Be1 h5 29.h4
Be5 30.Qb4 Qe2 31.g3 Bf6 32.Qc5 Qe4 33.Rc1 Rd3 34.Qb4 Qd5 35.Qb8+
Kg7 36.Qf4 e5 37.Qa4 e4 0-1

[Event "Moscow Open 2009 B"]
[Site "www.moscowchessopen.ru"]
[Date "2009.02.07"]
[Round "8.73"]
[White "Lagashin, Pavel"]
[Black "Merezhko, Igor"]
[Result "1/2-1/2"]
[WhiteElo "2095"]
[BlackElo "2254"]
[Annotator ""]
[Source ""]
[Remark ""]

1.Nf3 c5 2.g3 Nc6 3.Bg2 g6 4.O-O Bg7 5.c4 e5 6.Nc3 Nge7 7.d3
O-O 8.Rb1 d6 9.Ne1 Be6 10.Nc2 d5 11.b4 cxb4 12.Nxd5 Nxd5 13.cxd5
Bxd5 14.Nxb4 Bxg2 15.Kxg2 Nxb4 16.Rxb4 Qd5+ 17.Kg1 b5 18.a4 Rfb8
19.Rxb5 Rxb5 20.axb5 Qxb5 21.Ba3 a5 22.Qc2 a4 23.Rb1 Qd7 24.Qc4
Bf8 25.Bxf8 Kxf8 26.Qc5+ Qe7 27.Qxe7+ Kxe7 28.Kf1 h5 29.Ke1 h4
30.gxh4 Kf6 31.Kd2 Kg7 32.Ra1 Kh6 1/2-1/2

[Event "Moscow Open 2009 B"]
[Site "www.moscowchessopen.ru"]
[Date "2009.02.07"]
[Round "8.74"]
[White "Piskun, Alexey"]
[Black "Ryzhov, Vladimir"]
[Result "1/2-1/2"]
[WhiteElo "2095"]
[BlackElo "2246"]
[Annotator ""]
[Source ""]
[Remark ""]

1.d4 f5 2.c4 e6 3.Nc3 Bb4 4.Bd2 Nf6 5.e3 O-O 6.Bd3 d6 7.Qc2 c5
8.Nge2 Nc6 9.h3 Bd7 10.O-O-O cxd4 11.exd4 d5 12.f3 Rc8 13.c5
b6 14.Ba6 Rb8 15.Bf4 bxc5 16.Bxb8 Qxb8 17.dxc5 Bxc5 18.Bd3 Rc8
19.Kb1 Nd4 20.Nxd4 Bxd4 21.Ka1 Rc5 22.Qb3 Qc7 23.Ne2 Be5 24.Rc1
f4 25.Qa3 Rxc1+ 26.Rxc1 Qb6 27.Nc3 Qe3 28.Ne2 Qd2 29.Rc2 Qe1+
30.Nc1 Qe3 31.Qc5 Qxc5 32.Rxc5 Bd4 33.Rc7 e5 34.Ne2 Bb6 35.Rc2
g5 36.Nc3 Kg7 37.Re2 Be3 38.Kb1 h5 39.Kc2 g4 40.hxg4 hxg4 41.Nd1
Bd4 42.Re1 e4 43.fxe4 dxe4 44.Bxe4 Nxe4 45.Rxe4 Bf5 46.Kd3 Bb6
47.Nc3 f3 48.gxf3 gxf3 49.Kd2 Bxe4 50.Nxe4 1/2-1/2

[Event "Moscow Open 2009 B"]
[Site "www.moscowchessopen.ru"]
[Date "2009.02.07"]
[Round "8.75"]
[White "Chirva, Leonid"]
[Black "Mayorov, Vasili"]
[Result "1-0"]
[WhiteElo "2245"]
[BlackElo "2074"]
[Annotator ""]
[Source ""]
[Remark ""]

1.e4 e6 2.d4 d5 3.e5 c5 4.c3 Nc6 5.Nf3 Qb6 6.a3 c4 7.Nbd2 f6
8.g3 fxe5 9.Nxe5 Nxe5 10.dxe5 Bc5 11.Qh5+ g6 12.Qe2 Ne7 13.Bg2
Bd7 14.O-O O-O-O 15.b4 cxb3 16.c4 b2 17.Rb1 bxc1Q 18.Rfxc1 Qa6
19.Nb3 b6 20.Nxc5 bxc5 21.Qb2 Bc6 22.cxd5 exd5 23.Rxc5 Kd7 24.Bf1
Qb6 25.Qc2 Rc8 1-0

[Event "Moscow Open 2009 B"]
[Site "www.moscowchessopen.ru"]
[Date "2009.02.07"]
[Round "8.76"]
[White "Semenychev, Alexandr"]
[Black "Bujakevich, Aleksandr"]
[Result "1-0"]
[WhiteElo "2080"]
[BlackElo "2213"]
[Annotator ""]
[Source ""]
[Remark ""]

1.e4 e5 2.Nf3 Nc6 3.Bc4 Bc5 4.O-O Nf6 5.Nc3 d6 6.h3 Be6 7.Bb3
h6 8.Re1 O-O 9.Na4 Bb6 10.c3 Ba5 11.Bxe6 fxe6 12.b4 Bb6 13.Qb3
Qd7 14.Bb2 Bxf2+ 15.Kxf2 b5 16.Nc5 dxc5 17.bxc5 Na5 18.Qc2 Nc4
19.Kg1 Qc6 20.d4 exd4 21.cxd4 Nxb2 22.Ne5 Qa6 23.Qxb2 Rad8 24.Rad1
Rfe8 25.Qb3 c6 26.g4 Nd7 27.Nd3 Nf6 28.Nf4 Qc8 29.Ng6 Kh7 30.Qc2
Kxg6 31.e5+ Kf7 32.Rf1 Rh8 33.exf6 g5 34.h4 Rd5 35.h5 Qg8 36.Qe4
Qh7 37.Qe3 a5 38.Rde1 Re8 39.Qg3 Rd7 40.Re2 a4 41.d5 cxd5 42.c6
Ra7 43.c7 Ra6 44.Qc3 Rc8 45.Qc5 1-0

[Event "Moscow Open 2009 B"]
[Site "www.moscowchessopen.ru"]
[Date "2009.02.07"]
[Round "8.77"]
[White "Yakimov, S Y"]
[Black "Kuritsin, Vasily M"]
[Result "1-0"]
[WhiteElo "2212"]
[BlackElo "2058"]
[Annotator ""]
[Source ""]
[Remark ""]

1.d4 d6 2.Nf3 g6 3.Bf4 Bg7 4.Nc3 f6 5.e4 Nh6 6.h4 Nf7 7.Bc4 e6
8.Qd2 c6 9.O-O-O b5 10.Bd3 e5 11.Be3 Qa5 12.Kb1 1-0

[Event "Moscow Open 2009 B"]
[Site "www.moscowchessopen.ru"]
[Date "2009.02.07"]
[Round "8.78"]
[White "Savchuk, Vladimir"]
[Black "Zimin, Alexey"]
[Result "0-1"]
[WhiteElo "2081"]
[BlackElo "2193"]
[Annotator ""]
[Source ""]
[Remark ""]

1.d4 d5 2.c4 e6 3.Nc3 Be7 4.Nf3 Nf6 5.Bg5 h6 6.Bh4 O-O 7.e3 b6
8.cxd5 Nxd5 9.Bxe7 Nxe7 10.Bd3 Bb7 11.O-O Nd7 12.b4 c5 13.bxc5
bxc5 14.Be4 Bxe4 15.Nxe4 cxd4 16.Nxd4 Nd5 17.Qa4 N7b6 18.Qb3
Rc8 19.Rfc1 Qe7 20.h3 Rxc1+ 21.Rxc1 Rc8 22.Rc5 Rxc5 23.Nxc5 0-1

[Event "Moscow Open 2009 B"]
[Site "www.moscowchessopen.ru"]
[Date "2009.02.07"]
[Round "8.79"]
[White "Savin, Boris"]
[Black "Pylaev, Evgenij"]
[Result "1-0"]
[WhiteElo "2189"]
[BlackElo "2032"]
[Annotator ""]
[Source ""]
[Remark ""]

1.d4 d5 2.c4 c6 3.Nf3 h6 4.e3 Bf5 5.Bd3 Bxd3 6.Qxd3 Nf6 7.Nbd2
e6 8.a3 Nbd7 9.b3 Bd6 10.Bb2 O-O 11.O-O Qb8 12.Qc3 Ne4 13.Nxe4
dxe4 14.Ne5 Bxe5 15.dxe5 Nc5 16.Rad1 Rd8 17.Rd4 Qc7 18.Rfd1 b6
19.h3 a5 20.Ba1 a4 21.b4 Nb7 22.Qc2 c5 23.Rxd8+ Rxd8 24.Rxd8+
Qxd8 25.Qxa4 Qd2 26.Qe8+ Kh7 27.Qxf7 Nd8 28.Qe7 cxb4 29.axb4
Nc6 30.Qxe6 Nxb4 31.Qf5+ Kg8 1-0

[Event "Moscow Open 2009 B"]
[Site "www.moscowchessopen.ru"]
[Date "2009.02.07"]
[Round "8.80"]
[White "Borodin, Stanislav"]
[Black "Natacheev, Peter"]
[Result "1/2-1/2"]
[WhiteElo "2077"]
[BlackElo "2179"]
[Annotator ""]
[Source ""]
[Remark ""]

1.Nf3 g6 2.g3 Bg7 3.Bg2 d6 4.d4 Nd7 5.Nbd2 e5 6.dxe5 Nxe5 7.Nxe5
dxe5 8.e4 Be6 9.O-O Ne7 10.Nb3 Bc4 11.Re1 Qxd1 12.Rxd1 Nc6 13.c3
b6 14.Bg5 Be6 15.Bf1 a6 16.Nd2 O-O 17.Be2 h6 18.Be3 Rfd8 19.Nb3
a5 20.Rxd8+ Rxd8 21.Rd1 Rxd1+ 22.Bxd1 Bf8 23.Nc1 Kg7 24.Ba4 Nd8
25.Bb5 Nb7 26.Bd3 Bc5 27.Bd2 Bd6 28.b4 Be7 1/2-1/2

[Event "Moscow Open 2009 B"]
[Site "www.moscowchessopen.ru"]
[Date "2009.02.07"]
[Round "8.81"]
[White "Pluzhnik, Mikhail"]
[Black "Fedechkin, Vladimir"]
[Result "0-1"]
[WhiteElo "2177"]
[BlackElo "1976"]
[Annotator ""]
[Source ""]
[Remark ""]

1.e4 e6 2.d4 d5 3.e5 c5 4.c3 Qb6 5.Nf3 Bd7 6.Be2 cxd4 7.cxd4
Bb5 8.O-O Bxe2 9.Qxe2 Qa6 10.Qd1 Nd7 11.Be3 Rc8 12.Nc3 Ne7 13.Rc1
Nc6 14.Nd2 Qd3 15.Ne2 Be7 16.Nf4 Qa6 17.Qg4 g6 18.a3 O-O 19.Nxe6
Ncxe5 20.dxe5 Qxe6 21.Qxe6 fxe6 22.f4 Bc5 23.Bxc5 Nxc5 24.g3
h6 25.Nf3 Nb3 26.Rce1 Rc2 27.Rf2 Rfc8 28.Ree2 R2c4 29.Re3 Nc5
30.Nd2 Rc1+ 31.Kg2 Rd1 32.Rc3 Rc6 33.Nf3 Ne4 34.Rxc6 bxc6 35.Rc2
c5 36.Nh4 Kf7 37.Kf3 c4 38.Ng2 Nc5 39.Ke2 Rg1 40.Ne1 Rh1 41.Nf3
Nd3 42.Kd2 Nc5 43.Kc3 a5 44.Re2 Ke7 45.Ne1 Kd7 46.Kd4 Kc6 47.Ke3
Rf1 48.Nf3 Kd7 0-1

[Event "Moscow Open 2009 B"]
[Site "www.moscowchessopen.ru"]
[Date "2009.02.07"]
[Round "8.82"]
[White "Anfinogenov, Artem"]
[Black "Leonov, Vladislav"]
[Result "0-1"]
[WhiteElo "2068"]
[BlackElo "2176"]
[Annotator ""]
[Source ""]
[Remark ""]

1.d4 c5 2.d5 Nf6 3.c4 g6 4.Nc3 Bg7 5.e4 O-O 6.e5 Ne8 7.f4 d6
8.Qe2 e6 9.Nf3 exd5 10.cxd5 Bg4 11.e6 fxe6 12.dxe6 Bxc3+ 13.bxc3
Qe7 14.Qe3 Qxe6 15.Rb1 Qf7 16.Qe4 Bf5 17.Ng5 Qd7 18.Bc4+ d5 19.Bb5
Nc6 20.Bxc6 Qxc6 21.Qe7 Nf6 22.Qxb7 Qe8+ 23.Kf2 Bxb1 24.Qxb1
Qc6 25.h4 Nh5 26.g3 Rae8 27.Nf3 Re4 28.Re1 Rxe1 29.Nxe1 Nf6 30.Qc2
Re8 31.Nf3 Ng4+ 32.Kg2 Qb5 33.Ng1 Re1 34.Kh3 Nf6 35.c4 Qxc4 36.Qxc4 0-1

[Event "Moscow Open 2009 B"]
[Site "www.moscowchessopen.ru"]
[Date "2009.02.07"]
[Round "8.83"]
[White "Zarivkina, Victorya"]
[Black "Radomsky, Viacheslav G"]
[Result "0-1"]
[WhiteElo "2058"]
[BlackElo "2175"]
[Annotator ""]
[Source ""]
[Remark ""]

1.e4 c5 2.g3 d5 3.exd5 Qxd5 4.Qf3 Qe5+ 5.Ne2 Nc6 6.c3 Nf6 7.Bg2
Bf5 8.Qe3 Ng4 9.Bxc6+ bxc6 10.Qxe5 Nxe5 11.d4 Nd3+ 12.Kd2 e5
13.f4 cxd4 14.cxd4 Bb4+ 15.Nbc3 O-O-O 16.fxe5 Nxe5 17.Ke3 Nd3
18.Rd1 Rhe8+ 19.Kf3 Bxc3 20.Nxc3 Bh3 21.Rg1 Rxd4 22.g4 Ne5+ 23.Kf2
Nxg4+ 0-1

[Event "Moscow Open 2009 B"]
[Site "www.moscowchessopen.ru"]
[Date "2009.02.07"]
[Round "8.84"]
[White "Sakharov, Lev"]
[Black "Bobrov, Yury"]
[Result "1-0"]
[WhiteElo "2057"]
[BlackElo "2169"]
[Annotator ""]
[Source ""]
[Remark ""]

1.d4 Nf6 2.c4 g6 3.Nc3 Bg7 4.e4 d6 5.f3 O-O 6.Nge2 Nbd7 7.Bg5
h6 8.Be3 Kh7 9.Qd2 c5 10.d5 a5 11.O-O-O a4 12.g4 Ne8 13.Ng3 Ne5
14.h4 1-0

[Event "Moscow Open 2009 B"]
[Site "www.moscowchessopen.ru"]
[Date "2009.02.07"]
[Round "8.85"]
[White "Piskov, Vladimir"]
[Black "Drogilov, Alexander"]
[Result "1-0"]
[WhiteElo "2030"]
[BlackElo "2166"]
[Annotator ""]
[Source ""]
[Remark ""]

1.d4 f5 2.Bg5 Nf6 3.Bxf6 exf6 4.e3 Qe7 5.Nc3 c6 6.Qf3 d5 7.Bd3
g6 8.h4 h5 9.Nge2 Be6 10.Na4 Bf7 11.Qg3 Rg8 12.O-O-O Nd7 1-0

[Event "Moscow Open 2009 B"]
[Site "www.moscowchessopen.ru"]
[Date "2009.02.07"]
[Round "8.86"]
[White "Rakhmatulaev, Konstantin"]
[Black "Nefedov, Sergey"]
[Result "0-1"]
[WhiteElo "2002"]
[BlackElo "2166"]
[Annotator ""]
[Source ""]
[Remark ""]

1.d4 Nf6 2.c4 g6 3.Nc3 Bg7 4.e4 d6 5.f3 O-O 6.Be3 e5 7.d5 Nh5
8.Qd2 f5 9.Bg5 Qe8 10.Bh6 Nd7 11.Be2 Nc5 12.b4 Na4 13.Bxg7 Kxg7
14.Nb5 Qd8 15.Bd1 a6 16.Nxd6 cxd6 17.Bxa4 fxe4 18.O-O-O exf3
19.Nxf3 Bg4 20.Rdf1 Bxf3 21.Rxf3 Rxf3 22.gxf3 Rc8 23.c5 dxc5
24.b5 Qh4 25.Bc2 axb5 26.Re1 Qf4 27.Qxf4 Nxf4 28.Rxe5 Kf6 29.Re3
Nxd5 30.Rb3 b4 0-1

[Event "Moscow Open 2009 B"]
[Site "www.moscowchessopen.ru"]
[Date "2009.02.07"]
[Round "8.87"]
[White "Martynenko, Alexey"]
[Black "Gumirov, Konstantin L"]
[Result "1-0"]
[WhiteElo "1968"]
[BlackElo "2163"]
[Annotator ""]
[Source ""]
[Remark ""]

1.e4 e5 2.Nf3 Nc6 3.Bb5 a6 4.Ba4 Bc5 5.c3 b5 6.Bc2 Qf6 7.O-O
h6 8.d3 Nge7 9.Be3 Ba7 10.a4 b4 11.d4 a5 12.d5 Nb8 13.Nbd2 Ba6
14.Re1 d6 15.Nb3 bxc3 16.bxc3 Bb6 17.Bd3 O-O 18.Bxb6 cxb6 19.Bxa6
Nxa6 20.Rb1 Rfc8 21.Qd3 Ng6 22.g3 h5 23.h4 Rc7 24.Kg2 Nf8 25.Nfd2
Nd7 26.Re3 Qg6 27.Qb5 Raa7 28.Nc4 Nac5 29.Nxc5 Rxc5 30.Qb3 Rac7
31.Na3 f5 32.exf5 Qf6 33.Nb5 Rc8 34.Rc1 Rc4 1-0

[Event "Moscow Open 2009 B"]
[Site "www.moscowchessopen.ru"]
[Date "2009.02.07"]
[Round "8.88"]
[White "Popelyshev, Igor V"]
[Black "Stroganov, Andrey"]
[Result "1-0"]
[WhiteElo "2159"]
[BlackElo "1915"]
[Annotator ""]
[Source ""]
[Remark ""]

1.e4 d5 2.exd5 Nf6 3.d4 Bg4 4.Be2 Bxe2 5.Nxe2 Qxd5 6.O-O Nc6
7.Nbc3 Qh5 8.Ng3 Qxd1 9.Rxd1 O-O-O 10.Be3 e6 11.Nce4 Ng4 12.Ng5
Rd7 13.c3 h6 14.Nf3 Bd6 15.Ne4 f5 16.Nxd6+ cxd6 17.d5 exd5 18.Rxd5
Nxe3 19.fxe3 Re8 20.Rxf5 Rxe3 21.Re1 Rxe1+ 22.Nxe1 Re7 23.Kf2
Ne5 24.h3 Nd7 25.b3 1-0